[Event "25th European Club Cup Women 2021"]
[Site "Struga"]
[Date "2021.09.24"]
[Round "7.4"]
[White "Trippold, Denise"]
[Black "Manova, Ivana"]
[Result "1/2-1/2"]
[WhiteElo "2046"]
[BlackElo "1779"]
[Annotator "NA"]
[PlyCount "109"]
[EventDate "2021.09.18"]
[EventType "team-tourn"]
[EventCountry "MKD"]
[SourceTitle "playchess.com"]
[Source "ChessBase"]
[SourceQuality "1"]
[TimeControl "40/5400+30:1800+30"]

1. d4 {[%emt 0:00:06]} Nf6 {[%emt 0:00:15]} 2. c4 {[%emt 0:00:09]} e6 {[%emt 0:
00:20]} 3. Nf3 {[%emt 0:00:16]} Bb4+ {[%emt 0:00:27]} 4. Bd2 {[%emt 0:01:39]}
Qe7 {[%emt 0:00:36]} 5. g3 {[%emt 0:00:36]} Nc6 {[%emt 0:00:41]} 6. Bg2 {
[%emt 0:01:53]} Bxd2+ {[%emt 0:01:55]} 7. Nbxd2 {[%emt 0:00:16]} d6 {[%emt 0:
00:38]} 8. e4 {[%emt 0:05:01]} e5 {[%emt 0:02:09]} 9. d5 {[%emt 0:00:15]} Nb8 {
[%emt 0:00:31]} 10. O-O {[%emt 0:01:22]} O-O {[%emt 0:01:33]} 11. Ne1 {[%emt 0:
00:37]} Ne8 {[%emt 0:13:44]} 12. Nd3 {[%emt 0:03:44]} f5 {[%emt 0:02:58]} 13.
f4 {[%emt 0:09:01]} fxe4 {[%emt 0:13:39]} 14. Nxe4 {[%emt 0:03:30]} exf4 {
[%emt 0:03:09]} 15. Nxf4 {[%emt 0:04:01]} Nd7 {[%emt 0:01:05]} 16. Ne6 {
[%emt 0:17:10]} Rxf1+ {[%emt 0:00:20]} 17. Qxf1 {[%emt 0:00:39]} Ne5 {[%emt 0:
00:18]} 18. Qe2 {[%emt 0:25:16]} c6 {[%emt 0:15:17]} 19. Nf4 {[%emt 0:13:41]}
Bg4 {[%emt 0:02:42]} 20. Qf1 {[%emt 0:00:05]} c5 {[%emt 0:03:09]} 21. h3 {
[%emt 0:01:13]} Bf5 {[%emt 0:04:53]} 22. Re1 {[%emt 0:02:25]} Nf6 {[%emt 0:04:
12]} 23. Ne6 {[%emt 0:02:40]} Bxe6 {[%emt 0:05:29]} 24. dxe6 {[%emt 0:05:04]}
Rf8 {[%emt 0:00:22]} 25. Qe2 {[%emt 0:00:43]} b6 {[%emt 0:01:22]} 26. Nxd6 {
[%emt 0:01:26]} Qxd6 {[%emt 0:03:55]} 27. Qxe5 {[%emt 0:00:01]} Qxe5 {[%emt 0:
00:32]} 28. Rxe5 {[%emt 0:00:01]} Re8 {[%emt 0:00:15]} 29. Bd5 {[%emt 0:01:30]}
Kf8 {[%emt 0:00:36]} 30. Kf2 {[%emt 0:00:16]} Ke7 {[%emt 0:00:45]} 31. Ke2 {
[%emt 0:00:49]} g6 {[%emt 0:01:30]} 32. Re3 {[%emt 0:00:09]} Rd8 {[%emt 0:01:
51]} 33. Rd3 {[%emt 0:00:19]} Nh5 {[%emt 0:02:12]} 34. Ra3 {[%emt 0:00:50]} a5
{[%emt 0:00:24]} 35. Rb3 {[%emt 0:00:25]} Rd6 {[%emt 0:00:07]} 36. Rf3 {
[%emt 0:00:12]} Nf6 {[%emt 0:00:22]} 37. Rd3 {[%emt 0:00:13]} Nh5 {[%emt 0:00:
54]} 38. Rf3 {[%emt 0:00:26]} Nf6 {[%emt 0:00:06]} 39. Rd3 {[%emt 0:00:02]} Nh5
{[%emt 0:00:12]} 40. Re3 {[%emt 0:00:00]} Ng7 {[%emt 0:00:00]} 41. h4 {[%emt 0:
26:04]} Nf5 {[%emt 0:05:03]} 42. Rd3 {[%emt 0:00:44]} h5 {[%emt 0:00:43]} 43.
Kf2 {[%emt 0:02:37]} Kf6 {[%emt 0:00:25]} 44. Kf3 {[%emt 0:01:28]} Nd4+ {
[%emt 0:06:49]} 45. Ke4 {[%emt 0:00:03]} Nxe6 {[%emt 0:00:26]} 46. Rf3+ {
[%emt 0:00:20]} Ke7 {[%emt 0:00:15]} 47. Ke5 {[%emt 0:00:34]} Nd8 {[%emt 0:01:
22]} 48. Rf4 {[%emt 0:03:08]} Nc6+ {[%emt 0:02:07]} 49. Ke4 {[%emt 0:00:01]}
Nd8 {[%emt 0:01:12]} 50. Rf3 {[%emt 0:00:32]} Ne6 {[%emt 0:01:28]} 51. Ke5 {
[%emt 0:00:32]} Nd8 {[%emt 0:00:11]} 52. Rf4 {[%emt 0:01:26]} Nc6+ {[%emt 0:00:
28]} 53. Ke4 {[%emt 0:00:05]} Nd8 {[%emt 0:00:20]} 54. Rf3 {[%emt 0:00:56]} Ne6
{[%emt 0:00:37]} 55. Ke5 {[%emt 0:00:39]} 1/2-1/2

[Event "25th European Club Cup Women 2021"]
[Site "Struga"]
[Date "2021.09.24"]
[Round "7.5"]
[White "Peycheva, Gergana"]
[Black "Unuk, Laura"]
[Result "0-1"]
[WhiteElo "2331"]
[BlackElo "2389"]
[Annotator "ChessBase"]
[PlyCount "122"]
[EventDate "2021.09.18"]
[EventType "team-tourn"]
[EventCountry "MKD"]
[SourceTitle "playchess.com"]
[Source "ChessBase"]
[SourceQuality "1"]
[TimeControl "40/5400+30:1800+30"]

1. d4 {[%emt 0:00:03]} d5 {[%emt 0:00:04]} 2. c4 {[%emt 0:00:30]} c6 {[%emt 0:
00:05]} 3. Nf3 {[%emt 0:00:32]} Nf6 {[%emt 0:02:24]} 4. Qb3 {[%emt 0:00:24]} e6
{[%emt 0:02:38]} 5. g3 {[%emt 0:00:43]} Nbd7 {[%emt 0:01:13]} 6. Bg2 {[%emt 0:
00:07]} Bd6 {[%emt 0:00:10]} 7. O-O {[%emt 0:01:29]} O-O {[%emt 0:00:06]} 8.
Nc3 {[%emt 0:05:48]} Qe7 {[%emt 0:01:21]} 9. Bg5 {[%emt 0:04:50]} h6 {[%emt 0:
04:32]} 10. Bxf6 {[%emt 0:01:57]} Nxf6 {[%emt 0:00:05]} 11. Rfe1 {[%emt 0:06:
17]} dxc4 {[%emt 0:13:56]} 12. Qxc4 {[%emt 0:00:05]} e5 {[%emt 0:02:25]} 13.
dxe5 {[%emt 0:03:01]} Bxe5 {[%emt 0:00:06]} 14. Nxe5 {[%emt 0:00:48]} Qxe5 {
[%emt 0:00:05]} 15. e4 {[%emt 0:01:21]} Be6 {[%emt 0:01:05]} 16. Qe2 {[%emt 0:
02:20]} Rad8 {[%emt 0:01:02]} 17. Rad1 {[%emt 0:04:35]} b5 {[%emt 0:06:26]} 18.
a3 {[%emt 0:05:43]} a5 {[%emt 0:01:55]} 19. Qc2 {[%emt 0:10:15]} Qc5 {[%emt 0:
10:32]} 20. e5 {[%emt 0:05:33]} Ng4 {[%emt 0:06:46]} 21. Qe2 {[%emt 0:08:20]}
b4 {[%emt 0:00:57]} 22. axb4 {[%emt 0:04:58]} axb4 {[%emt 0:02:28]} 23. Na4 {
[%emt 0:09:39]} Qxe5 {[%emt 0:02:07]} 24. Rxd8 {[%emt 0:05:01]} Rxd8 {[%emt 0:
01:08]} 25. Bxc6 {[%emt 0:01:07]} Qh5 {[%emt 0:11:43]} 26. h4 {[%emt 0:04:53]}
Qa5 {[%emt 0:00:18]} 27. Qb5 {[%emt 0:04:36]} Qa7 {[%emt 0:05:01]} 28. Qc5 {
[%emt 0:01:32]} Qc7 {[%emt 0:00:12]} 29. Bf3 {[%emt 0:01:26]} Qd7 {[%emt 0:12:
58]} 30. Qxb4 {[%emt 0:01:01]} h5 {[%emt 0:00:03]} 31. Nc5 {[%emt 0:01:45]} Qa7
{[%emt 0:00:16]} 32. Qa3 {[%emt 0:01:40]} Qb6 {[%emt 0:01:00]} 33. b4 {[%emt 0:
00:49]} Bc4 {[%emt 0:04:32]} 34. Qc3 {[%emt 0:00:53]} Bb5 {[%emt 0:00:34]} 35.
Rd1 {[%emt 0:01:25]} Re8 {[%emt 0:00:48]} 36. Qd4 {[%emt 0:01:00]} Ne5 {
[%emt 0:03:52]} 37. Bg2 {[%emt 0:00:23]} Qg6 {[%emt 0:01:17]} 38. Ne4 {[%emt 0:
00:51]} Be2 {[%emt 0:00:44]} 39. Re1 {[%emt 0:00:47]} Qg4 {[%emt 0:01:22]} 40.
Qe3 {[%emt 0:00:00]} Bb5 {[%emt 0:00:00]} 41. Qg5 {[%emt 0:09:46]} Kf8 {
[%emt 0:01:57]} 42. Qe3 {[%emt 0:07:50]} Nd3 {[%emt 0:12:41]} 43. Ra1 {[%emt 0:
02:21]} Qd7 {[%emt 0:02:40]} 44. Ra7 {[%emt 0:01:09]} Qf5 {[%emt 0:08:57]} 45.
Qd4 {[%emt 0:02:58]} Kg8 {[%emt 0:02:12]} 46. Ra5 {[%emt 0:00:20]} Ne1 {
[%emt 0:01:46]} 47. Qc5 {[%emt 0:06:12]} Re5 {[%emt 0:04:13]} 48. Ra8+ {
[%emt 0:03:14]} Kh7 {[%emt 0:00:02]} 49. Ng5+ {[%emt 0:00:30]} Kg6 {[%emt 0:00:
02]} 50. Qd6+ {[%emt 0:01:59]} f6 {[%emt 0:00:05]} 51. Ra7 {[%emt 0:00:35]}
Nxg2 {[%emt 0:01:03]} 52. Kxg2 {[%emt 0:00:07]} Re1 {[%emt 0:00:52]} 53. Ra2 {
[%emt 0:00:54]} Qb1 {[%emt 0:01:29]} 54. Nf3 {[%emt 0:00:33]} Bf1+ {[%emt 0:00:
36]} 55. Kg1 {[%emt 0:00:21]} Bc4+ {[%emt 0:00:32]} 56. Kg2 {[%emt 0:00:37]}
Bxa2 {[%emt 0:00:32]} 57. Nxe1 {[%emt 0:00:04]} Qxe1 {[%emt 0:00:17]} 58. Qd3+
{[%emt 0:00:22]} Kh6 {[%emt 0:00:14]} 59. b5 {[%emt 0:00:08]} Bb1 {[%emt 0:00:
18]} 60. Qb3 {[%emt 0:00:37]} Be4+ {[%emt 0:00:13]} 61. f3 {[%emt 0:00:02]}
Qe2+ {[%emt 0:00:15]} 0-1

[Event "25th European Club Cup Women 2021"]
[Site "Struga"]
[Date "2021.09.24"]
[Round "7.6"]
[White "Cvitan, Ena"]
[Black "Toncheva, Nadya"]
[Result "0-1"]
[WhiteElo "2284"]
[BlackElo "2178"]
[Annotator "NA"]
[PlyCount "98"]
[EventDate "2021.09.18"]
[EventType "team-tourn"]
[EventCountry "MKD"]
[SourceTitle "playchess.com"]
[Source "ChessBase"]
[SourceQuality "1"]
[TimeControl "40/5400+30:1800+30"]

1. Nf3 {[%emt 0:00:10]} c5 {[%emt 0:00:06]} 2. c4 {[%emt 0:00:18]} Nc6 {
[%emt 0:00:06]} 3. Nc3 {[%emt 0:00:32]} g6 {[%emt 0:00:05]} 4. e3 {[%emt 0:00:
11]} Nf6 {[%emt 0:00:13]} 5. d4 {[%emt 0:00:17]} cxd4 {[%emt 0:00:03]} 6. exd4
{[%emt 0:00:13]} d5 {[%emt 0:00:07]} 7. cxd5 {[%emt 0:00:31]} Nxd5 {[%emt 0:00:
08]} 8. Qb3 {[%emt 0:00:28]} Nxc3 {[%emt 0:00:05]} 9. Bc4 {[%emt 0:01:25]} Nd5
{[%emt 0:00:04]} 10. Bxd5 {[%emt 0:00:39]} e6 {[%emt 0:00:04]} 11. Bxc6+ {
[%emt 0:02:25]} bxc6 {[%emt 0:00:06]} 12. O-O {[%emt 0:01:56]} f6 {[%emt 0:00:
29]} 13. Be3 {[%emt 0:03:15]} Qd5 {[%emt 0:00:53]} 14. Nd2 {[%emt 0:06:32]} Be7
{[%emt 0:01:42]} 15. Rfc1 {[%emt 0:04:24]} Kf7 {[%emt 0:02:57]} 16. Qc4 {
[%emt 0:03:33]} Bd7 {[%emt 0:07:31]} 17. Nb3 {[%emt 0:08:49]} Rhb8 {[%emt 0:01:
06]} 18. Nc5 {[%emt 0:10:11]} Bxc5 {[%emt 0:01:38]} 19. dxc5 {[%emt 0:00:45]}
Qxc4 {[%emt 0:00:16]} 20. Rxc4 {[%emt 0:00:05]} Rxb2 {[%emt 0:00:23]} 21. Rd1 {
[%emt 0:01:09]} Ke7 {[%emt 0:01:51]} 22. Rcd4 {[%emt 0:00:23]} Rb7 {[%emt 0:00:
07]} 23. Ra4 {[%emt 0:00:57]} g5 {[%emt 0:08:40]} 24. h4 {[%emt 0:00:30]} h6 {
[%emt 0:00:17]} 25. hxg5 {[%emt 0:02:45]} hxg5 {[%emt 0:00:05]} 26. Ra6 {
[%emt 0:01:38]} e5 {[%emt 0:12:07]} 27. f3 {[%emt 0:00:45]} Rc8 {[%emt 0:00:34]
} 28. Rd6 {[%emt 0:01:46]} Be8 {[%emt 0:00:52]} 29. Rd3 {[%emt 0:04:02]} Bf7 {
[%emt 0:00:39]} 30. Rda3 {[%emt 0:03:28]} Rcc7 {[%emt 0:01:08]} 31. R6a4 {
[%emt 0:00:18]} Bd5 {[%emt 0:00:46]} 32. Kf2 {[%emt 0:00:29]} Ke6 {[%emt 0:00:
07]} 33. Bd2 {[%emt 0:01:24]} Rh7 {[%emt 0:01:27]} 34. Rb4 {[%emt 0:00:10]}
Rxb4 {[%emt 0:02:46]} 35. Bxb4 {[%emt 0:00:01]} Bc4 {[%emt 0:01:40]} 36. Bd2 {
[%emt 0:03:42]} Kd5 {[%emt 0:00:05]} 37. Be3 {[%emt 0:00:19]} Rb7 {[%emt 0:00:
07]} 38. Kg3 {[%emt 0:06:55]} a6 {[%emt 0:01:58]} 39. Kg4 {[%emt 0:01:47]} Ke6
{[%emt 0:00:20]} 40. Ra4 {[%emt 0:00:00]} Bf1 {[%emt 0:00:00]} 41. Bc1 {
[%emt 0:06:13]} Rb1 {[%emt 0:05:57]} 42. Ba3 {[%emt 0:01:51]} Rd1 {[%emt 0:00:
45]} 43. Rb4 {[%emt 0:07:00]} Rd2 {[%emt 0:00:12]} 44. Rb1 {[%emt 0:01:53]}
Rxg2+ {[%emt 0:00:58]} 45. Kh3 {[%emt 0:01:29]} Rxa2+ {[%emt 0:00:07]} 46. Rxf1
{[%emt 0:00:17]} Rxa3 {[%emt 0:00:05]} 47. Rd1 {[%emt 0:00:03]} Rxf3+ {[%emt 0:
00:13]} 48. Kg2 {[%emt 0:00:05]} e4 {[%emt 0:00:15]} 49. Rd6+ {[%emt 0:00:11]}
Ke5 {[%emt 0:00:05]} 0-1

[Event "25th European Club Cup Women 2021"]
[Site "Struga"]
[Date "2021.09.24"]
[Round "7.7"]
[White "Djukic, Sandra"]
[Black "Urh, Zala"]
[Result "0-1"]
[WhiteElo "2127"]
[BlackElo "2234"]
[Annotator "NA"]
[PlyCount "68"]
[EventDate "2021.09.18"]
[EventType "team-tourn"]
[EventCountry "MKD"]
[SourceTitle "playchess.com"]
[Source "ChessBase"]
[SourceQuality "1"]
[TimeControl "40/5400+30:1800+30"]

1. d4 {[%emt 0:00:02]} Nf6 {[%emt 0:00:35]} 2. c4 {[%emt 0:00:07]} e6 {[%emt 0:
00:03]} 3. Nf3 {[%emt 0:00:07]} d5 {[%emt 0:00:05]} 4. Nc3 {[%emt 0:00:07]} Bb4
{[%emt 0:00:04]} 5. Bg5 {[%emt 0:00:12]} dxc4 {[%emt 0:00:08]} 6. Qa4+ {
[%emt 0:12:25]} Nc6 {[%emt 0:00:24]} 7. e3 {[%emt 0:00:12]} Bd7 {[%emt 0:05:27]
} 8. Qc2 {[%emt 0:01:22]} b5 {[%emt 0:02:17]} 9. Be2 {[%emt 0:01:55]} Rb8 {
[%emt 0:05:11]} 10. a4 {[%emt 0:13:30]} a6 {[%emt 0:01:37]} 11. O-O {[%emt 0:
00:08]} h6 {[%emt 0:04:00]} 12. Bh4 {[%emt 0:10:36]} O-O {[%emt 0:02:36]} 13.
axb5 {[%emt 0:02:07]} axb5 {[%emt 0:01:17]} 14. Rfd1 {[%emt 0:29:42]} Be7 {
[%emt 0:03:33]} 15. e4 {[%emt 0:09:44]} Nb4 {[%emt 0:14:47]} 16. Qb1 {[%emt 0:
07:40]} Nh5 {[%emt 0:04:53]} 17. Bg3 {[%emt 0:00:50]} Nxg3 {[%emt 0:00:46]} 18.
hxg3 {[%emt 0:00:04]} Qc8 {[%emt 0:02:36]} 19. Ne5 {[%emt 0:02:26]} Rd8 {
[%emt 0:00:40]} 20. b3 {[%emt 0:05:27]} cxb3 {[%emt 0:01:01]} 21. Qxb3 {
[%emt 0:00:05]} Be8 {[%emt 0:03:07]} 22. Ra7 {[%emt 0:02:08]} Rb7 {[%emt 0:05:
54]} 23. Rxb7 {[%emt 0:00:18]} Qxb7 {[%emt 0:00:01]} 24. d5 {[%emt 0:00:13]}
exd5 {[%emt 0:01:37]} 25. exd5 {[%emt 0:00:05]} Bd6 {[%emt 0:09:41]} 26. Ng4 {
[%emt 0:01:22]} f5 {[%emt 0:07:25]} 27. Ne3 {[%emt 0:00:05]} Bd7 {[%emt 0:00:
04]} 28. Qb1 {[%emt 0:00:56]} Rf8 {[%emt 0:01:25]} 29. Rd4 {[%emt 0:00:28]} Na6
{[%emt 0:01:36]} 30. Nxb5 {[%emt 0:00:30]} Qb6 {[%emt 0:12:12]} 31. Nc4 {
[%emt 0:00:25]} Qxb5 {[%emt 0:01:01]} 32. Qd1 {[%emt 0:00:24]} Qc5 {[%emt 0:01:
45]} 33. Qa1 {[%emt 0:00:31]} Nb4 {[%emt 0:01:22]} 34. Nxd6 {[%emt 0:00:40]}
Nc2 {[%emt 0:02:39]} 0-1

[Event "25th European Club Cup Women 2021"]
[Site "Struga"]
[Date "2021.09.24"]
[Round "7.8"]
[White "Janzelj, Lara"]
[Black "Galunova, Tsveta"]
[Result "0-1"]
[WhiteElo "2186"]
[BlackElo "2190"]
[Annotator "ChessBase"]
[PlyCount "142"]
[EventDate "2021.09.18"]
[EventType "team-tourn"]
[EventCountry "MKD"]
[SourceTitle "playchess.com"]
[Source "ChessBase"]
[SourceQuality "1"]
[TimeControl "40/5400+30:1800+30"]

1. c4 {[%emt 0:00:04]} Nc6 {[%emt 0:10:40]} 2. g3 {[%emt 0:00:45]} e5 {[%emt 0:
00:55]} 3. Nc3 {[%emt 0:00:42]} f5 {[%emt 0:02:18]} 4. Nf3 {[%emt 0:03:55]} e4
{[%emt 0:02:51]} 5. Nh4 {[%emt 0:00:50]} d6 {[%emt 0:03:53]} 6. d3 {[%emt 0:06:
50]} exd3 {[%emt 0:18:40]} 7. Qxd3 {[%emt 0:01:00]} Ne5 {[%emt 0:02:31]} 8. Qc2
{[%emt 0:00:41]} g6 {[%emt 0:03:29]} 9. Bg2 {[%emt 0:01:56]} Bg7 {[%emt 0:02:
11]} 10. O-O {[%emt 0:01:13]} Ne7 {[%emt 0:01:42]} 11. Rd1 {[%emt 0:04:04]} c6
{[%emt 0:05:58]} 12. b3 {[%emt 0:03:08]} Be6 {[%emt 0:09:13]} 13. Ba3 {[%emt 0:
05:39]} Qa5 {[%emt 0:05:12]} 14. Bb2 {[%emt 0:25:50]} Rd8 {[%emt 0:03:29]} 15.
Nf3 {[%emt 0:01:45]} Nxf3+ {[%emt 0:08:22]} 16. Bxf3 {[%emt 0:00:07]} O-O {
[%emt 0:00:18]} 17. Qd2 {[%emt 0:07:24]} Rfe8 {[%emt 0:04:41]} 18. a3 {[%emt 0:
05:27]} d5 {[%emt 0:07:16]} 19. b4 {[%emt 0:01:25]} Qc7 {[%emt 0:02:05]} 20.
Qe3 {[%emt 0:01:24]} Bf7 {[%emt 0:02:51]} 21. cxd5 {[%emt 0:02:13]} Nxd5 {
[%emt 0:00:14]} 22. Qc5 {[%emt 0:11:33]} Qb6 {[%emt 0:01:07]} 23. Qxb6 {
[%emt 0:04:42]} Nxb6 {[%emt 0:00:54]} 24. Rxd8 {[%emt 0:02:59]} Rxd8 {[%emt 0:
00:01]} 25. Rd1 {[%emt 0:00:34]} Rxd1+ {[%emt 0:00:36]} 26. Nxd1 {[%emt 0:00:
01]} Bd5 {[%emt 0:01:30]} 27. Kg2 {[%emt 0:01:41]} Bxb2 {[%emt 0:00:23]} 28.
Nxb2 {[%emt 0:00:07]} Kf7 {[%emt 0:00:10]} 29. Bxd5+ {[%emt 0:00:36]} cxd5 {
[%emt 0:00:56]} 30. Nd3 {[%emt 0:00:56]} Nc4 {[%emt 0:00:15]} 31. a4 {[%emt 0:
00:05]} b6 {[%emt 0:00:34]} 32. Kf3 {[%emt 0:01:57]} Ke6 {[%emt 0:00:15]} 33.
h4 {[%emt 0:00:46]} d4 {[%emt 0:00:49]} 34. Kf4 {[%emt 0:00:51]} h6 {[%emt 0:
00:25]} 35. g4 {[%emt 0:01:08]} fxg4 {[%emt 0:00:41]} 36. Kxg4 {[%emt 0:00:01]}
Nd2 {[%emt 0:00:31]} 37. Kf4 {[%emt 0:02:19]} Kf6 {[%emt 0:00:22]} 38. Ne1 {
[%emt 0:01:22]} g5+ {[%emt 0:00:31]} 39. hxg5+ {[%emt 0:00:15]} hxg5+ {[%emt 0:
00:01]} 40. Kg4 {[%emt 0:00:00]} Ne4 {[%emt 0:00:00]} 41. Nd3 {[%emt 0:03:48]}
Nc3 {[%emt 0:02:39]} 42. e3 {[%emt 0:02:00]} dxe3 {[%emt 0:00:57]} 43. fxe3 {
[%emt 0:00:05]} Nxa4 {[%emt 0:00:37]} 44. e4 {[%emt 0:02:12]} Nc3 {[%emt 0:00:
41]} 45. e5+ {[%emt 0:00:04]} Kg6 {[%emt 0:00:47]} 46. Nb2 {[%emt 0:04:37]} Nd5
{[%emt 0:03:13]} 47. Nd3 {[%emt 0:00:20]} a6 {[%emt 0:01:33]} 48. b5 {[%emt 0:
03:37]} axb5 {[%emt 0:06:17]} 49. Nc1 {[%emt 0:04:52]} Nf4 {[%emt 0:04:22]} 50.
Na2 {[%emt 0:07:32]} Nd3 {[%emt 0:06:12]} 51. e6 {[%emt 0:00:05]} Ne5+ {
[%emt 0:00:26]} 52. Kg3 {[%emt 0:00:07]} Kf6 {[%emt 0:00:39]} 53. Nc3 {[%emt 0:
00:26]} Kxe6 {[%emt 0:00:38]} 54. Nxb5 {[%emt 0:00:06]} Kd5 {[%emt 0:00:46]}
55. Nc7+ {[%emt 0:00:34]} Ke4 {[%emt 0:04:16]} 56. Ne6 {[%emt 0:01:18]} g4 {
[%emt 0:00:31]} 57. Nc7 {[%emt 0:00:25]} Kf5 {[%emt 0:00:31]} 58. Nb5 {[%emt 0:
00:39]} Nc4 {[%emt 0:01:28]} 59. Nc3 {[%emt 0:00:51]} Nd6 {[%emt 0:00:27]} 60.
Nd5 {[%emt 0:00:50]} Ne4+ {[%emt 0:00:22]} 61. Kg2 {[%emt 0:01:42]} b5 {
[%emt 0:00:18]} 62. Ne3+ {[%emt 0:00:17]} Kf4 {[%emt 0:00:26]} 63. Nc2 {
[%emt 0:00:32]} Nc3 {[%emt 0:01:36]} 64. Nb4 {[%emt 0:00:22]} g3 {[%emt 0:01:
16]} 65. Nd3+ {[%emt 0:00:11]} Ke3 {[%emt 0:00:19]} 66. Nb4 {[%emt 0:00:45]}
Ne4 {[%emt 0:00:35]} 67. Nc6 {[%emt 0:00:13]} Kf4 {[%emt 0:00:43]} 68. Nb4 {
[%emt 0:00:20]} Nc3 {[%emt 0:01:08]} 69. Nd3+ {[%emt 0:00:26]} Ke4 {[%emt 0:00:
38]} 70. Nb4 {[%emt 0:00:33]} Nd5 {[%emt 0:00:45]} 71. Nc2 {[%emt 0:00:32]}
Ne3+ {[%emt 0:00:09]} 0-1

[Event "25th European Club Cup Women 2021"]
[Site "Struga"]
[Date "2021.09.24"]
[Round "7.9"]
[White "Shuvalova, Polina"]
[Black "Goryachkina, Aleksandra"]
[Result "*"]
[WhiteElo "2510"]
[BlackElo "2608"]
[Annotator "ChessBase"]
[PlyCount "48"]
[EventDate "2021.09.18"]
[EventType "team-tourn"]
[EventCountry "MKD"]
[SourceTitle "playchess.com"]
[Source "ChessBase"]
[SourceQuality "1"]
[TimeControl "40/5400+30:1800+30"]

1. d4 {[%emt 0:00:05]} d5 {[%emt 0:00:19]} 2. c4 {[%emt 0:00:08]} e6 {[%emt 0:
00:13]} 3. Nc3 {[%emt 0:00:11]} c6 {[%emt 0:00:23]} 4. Nf3 {[%emt 0:00:17]} f5
{[%emt 1:31:35]} 5. Bf4 {[%emt 0:04:12]} Nf6 {[%emt 0:00:00]} 6. e3 {[%emt 0:
00:07]} Be7 {[%emt 0:00:00]} 7. h3 {[%emt 0:08:18]} O-O {[%emt 0:00:00]} 8. Bd3
{[%emt 0:03:37]} dxc4 {[%emt 0:02:00]} 9. Bxc4 {[%emt 0:00:08]} b5 {[%emt 0:00:
00]} 10. Bb3 {[%emt 0:03:22]} b4 {[%emt 0:00:00]} 11. Na4 {[%emt 1:15:35]} Nd5
{[%emt 0:00:00]} 12. O-O {[%emt 0:00:09]} Ba6 {[%emt 0:00:00]} 13. Re1 {
[%emt 0:04:25]} Nd7 {[%emt 0:00:00]} 14. Rc1 {[%emt 0:01:14]} Rc8 {[%emt 0:00:
00]} 15. Ne5 {[%emt 0:00:37]} Bb5 {[%emt 0:00:00]} 16. Nxd7 {[%emt 0:07:41]}
Qxd7 {[%emt 0:06:00]} 17. Nc5 {[%emt 0:00:10]} Bxc5 {[%emt 0:00:00]} 18. Rxc5 {
[%emt 0:05:57]} a5 {[%emt 0:07:00]} 19. a4 {[%emt 0:03:54]} bxa3 {[%emt 0:00:
00]} 20. bxa3 {[%emt 0:49:13]} a4 {[%emt 0:00:00]} 21. Bxa4 {[%emt 0:01:00]}
Ra8 {[%emt 0:00:00]} 22. Bxb5 {[%emt 0:00:37]} cxb5 {[%emt 0:00:00]} 23. Qb3 {
[%emt 0:00:18]} Ra5 {[%emt 0:00:00]} 24. Be5 {[%emt 0:04:29]} Rfa8 {[%emt 0:00:
00]} *